[Event "chess.com Junior Speed"]
[Site "chess.com INT"]
[Date "2019.08.10"]
[Round "4.9"]
[White "Wei Yi"]
[Black "Xiong,Jeffery"]
[Result "1-0"]
[WhiteElo "2736"]
[BlackElo "2679"]

1.Nf3 d5 2.e3 Nf6 3.c4 e6 4.Nc3 b6 5.b3 Bb7 6.Bb2 a6 7.g3 Bd6 8.Bg2 O-O 9.O-O Nbd7
10.Rc1 Re8 11.d4 Qe7 12.Qe2 dxc4 13.bxc4 e5 14.Rfd1 exd4 15.Nxd4 Bxg2 16.Kxg2 g6
17.Nc6 Qe6 18.Nd5 Bc5 19.Qf3 Nxd5 20.Qxd5 Qxd5+ 21.Rxd5 Re6 22.Nd4 Rd6 23.Nb3 Rxd5
24.cxd5 Bd6 25.e4 Re8 26.Re1 f5 27.e5 Rxe5 28.Bxe5 Nxe5 29.Nd4 Kf7 30.Nc6 Ng4
31.Nd8+ Kf6 32.Re6+ Kg7 33.Nb7  1-0

[Event "chess.com Junior Speed"]
[Site "chess.com INT"]
[Date "2019.08.10"]
[Round "4.12"]
[White "Xiong,Jeffery"]
[Black "Wei Yi"]
[Result "1/2-1/2"]
[WhiteElo "2679"]
[BlackElo "2736"]

1.d4 Nf6 2.c4 g6 3.Nc3 d5 4.cxd5 Nxd5 5.Na4 Bf5 6.f3 Nb6 7.e4 Nxa4 8.Qxa4+ Bd7
9.Qb3 Bg7 10.Be3 O-O 11.Rd1 b6 12.Ne2 Nc6 13.Nc3 e5 14.dxe5 Nxe5 15.Be2 Qe8
16.O-O Be6 17.Qc2 Nc4 18.Bf2 Rd8 19.b3 Rxd1 20.Rxd1 Nd6 21.Nd5 Bxd5 22.Rxd5 Qe7
23.Qc6 f5 24.Bc4 Kh8 25.exf5 Rxf5 26.Rxf5 Nxf5 27.Qa8+ Qf8 28.Qxa7 Qd8 29.Qb7 Bd4
30.Qd5 Bxf2+ 31.Kxf2 Qh4+ 32.Ke2 Qe7+ 33.Qe4 Qf6 34.Kf2 Qb2+ 35.Be2 Nd4 36.h4 c5
37.h5 gxh5 38.Qe7 Kg8 39.Qe8+ Kg7 40.Qe7+ Kg8 41.Qe8+ Kg7 42.Qe7+ Kg8  1/2-1/2

[Event "chess.com Junior Speed"]
[Site "chess.com INT"]
[Date "2019.08.10"]
[Round "4.5"]
[White "Wei Yi"]
[Black "Xiong,Jeffery"]
[Result "1/2-1/2"]
[WhiteElo "2736"]
[BlackElo "2679"]

1.e4 c6 2.d4 d5 3.e5 Bf5 4.Nd2 e6 5.Nb3 c5 6.Nxc5 Bxc5 7.dxc5 Qa5+ 8.c3 Qxc5
9.Be3 Qc7 10.f4 Ne7 11.Be2 O-O 12.Nf3 Nbc6 13.O-O Rfd8 14.Nd4 Nxd4 15.Bxd4 Nc6
16.Qd2 Nxd4 17.cxd4 Rac8 18.Rfc1 Qb6 19.Kf2 h6 20.Ke3 a5 21.Rxc8 Rxc8 22.Rc1 Rc6
23.Rc3 Bb1 24.a3 Be4 25.g3 f6 26.Rxc6 bxc6 27.b4 fxe5 28.fxe5 Qd8 29.Kf2 Qf8+
30.Ke1 axb4 31.Qxb4 Qf5 32.Qc3 Qh3 33.a4 Qxh2 34.a5 Qg1+ 35.Kd2 c5 36.Qxc5 Qxg3
37.Qc8+ Kh7 38.Qc3 Qg5+ 39.Qe3 Qd8 40.Qa3 Qg5+ 41.Qe3 Qd8 42.a6 Qa5+ 43.Qc3 Qa2+
44.Ke3 Bf5 45.Qc5 Qb3+ 46.Kf2 Qa2 47.Ke3 Qb3+ 48.Kf2 Qa2 49.Ke3  1/2-1/2

[Event "TCh-CHN 2019"]
[Site "China CHN"]
[Date "2019.08.21"]
[Round "13.4"]
[White "Wei Yi"]
[Black "Dai,Changren"]
[Result "1-0"]
[WhiteElo "2727"]
[BlackElo "2509"]

1.c4 e6 2.Nc3 d5 3.d4 Be7 4.cxd5 exd5 5.Bf4 c6 6.Qc2 Nf6 7.e3 Nh5 8.Nf3 Nxf4
9.exf4 Qd6 10.g3 g6 11.Bd3 Na6 12.a3 Bh3 13.Ne5 Nc7 14.O-O-O Ne6 15.Ne2 O-O
16.Rhe1 c5 17.dxc5 Nxc5 18.Nc3 Rac8 19.g4 Ne6 20.Bc4 Rxc4 21.Nxc4 Qxf4+ 22.Ne3 d4
23.Nd5 Qd6 24.Kb1 Bg5 25.Qe4 Qc5 26.Nc2 Rd8 27.Ndb4 h5 28.Nd3 Qc6 29.gxh5 gxh5
30.Qxc6 bxc6 31.Rxe6 Bxe6 32.Rg1 f6 33.f4 Bf5 34.Nce1 c5 35.b3 Rb8 36.Kc2 a5
37.a4 Rc8 38.fxg5 c4 39.bxc4 Rxc4+ 40.Kb2 Rxa4 41.gxf6+ Kf7 42.Rf1 Kxf6 43.Ng2 Kg5
44.h4+ Kg4 45.Rf4+ Kg3 46.Rxf5 Kxg2 47.Rxh5 Kg3 48.Rc5 Kxh4 49.Rc1 Rb4+ 50.Nxb4  1-0

[Event "chess.com Speed 2019"]
[Site "chess.com INT"]
[Date "2019.09.03"]
[Round "1.23"]
[White "Vachier Lagrave,M"]
[Black "Wei Yi"]
[Result "1-0"]
[WhiteElo "2774"]
[BlackElo "2721"]

1.c4 g6 2.Nc3 c5 3.h4 Nf6 4.g3 Bg7 5.Bg2 Nc6 6.Nh3 d6 7.d3 Bg4 8.Nf4 O-O
9.h5 Nxh5 10.Nxh5 Bxh5 11.f3 f5 12.Nd5 e5 13.e4 Qd7 14.Be3 Rae8 15.Bh3 Qd8
16.Bxf5 gxf5 17.Rxh5 fxe4 18.dxe4 Nd4 19.Bxd4 cxd4 20.Ke2 Qd7 21.Qd3 Re6
22.Rah1 Rg6 23.g4 Qa4 24.a3 Qe8 25.Rxh7 Qf7 26.R7h5 a6 27.Rf5 Qd7 28.Rhh5 Rh6
29.Qd2 Rxh5 30.Rxh5 Qa4 31.Qd3 b5 32.cxb5 axb5 33.Ne7+ Kf7 34.Nf5 Bf6 35.Nxd6+ Ke6
36.Nxb5 Rc8 37.Rh7 Rc2+ 38.Kf1 Rc1+ 39.Kg2 Qc2+ 40.Qxc2 Rxc2+ 41.Kf1 Rxb2
42.Nc7+ Kd6 43.Ne8+ Ke6 44.Rh6 d3 45.Rxf6+ Ke7 46.Rd6 d2 47.Ke2 d1=Q+ 48.Kxd1 Rb3
49.Rd5  1-0

[Event "chess.com Speed 2019"]
[Site "chess.com INT"]
[Date "2019.09.03"]
[Round "1.10"]
[White "Wei Yi"]
[Black "Vachier Lagrave,M"]
[Result "0-1"]
[WhiteElo "2721"]
[BlackElo "2774"]

1.e4 c5 2.Nf3 d6 3.d4 cxd4 4.Nxd4 Nf6 5.Nc3 a6 6.h3 e5 7.Nde2 h5 8.g3 Nbd7
9.a4 b6 10.Bg2 Bb7 11.O-O Be7 12.Bg5 Rc8 13.Qd2 Rc4 14.b3 Rc7 15.Rad1 O-O
16.h4 Qa8 17.Nd5 Bxd5 18.exd5 b5 19.axb5 axb5 20.Ra1 Qb7 21.Ra2 Rfc8 22.Rfa1 Nc5
23.Qb4 Nxd5 24.Qd2 e4 25.Ra7 Qc6 26.Nd4 Qe8 27.Nf5 Bxg5 28.Qxg5 Qe5 29.Nh6+ Kf8
30.Qxe5 dxe5 31.Nf5 Rd8 32.Ra8 Rd7 33.Rxd8+ Rxd8 34.Rd1 Rd7 35.Ra1 Nc7 36.b4 Na4
37.Bxe4 g6 38.Ne3 Rd4 39.Bc6 Rxb4 40.c4 Kg7 41.cxb5 Nc3 42.Re1 Kf6 43.Kg2 N3xb5
44.Bxb5 Rxb5 45.Rd1 Rc5 46.Rd7 Ke6 47.Rd8 Nb5 48.Rb8 Nd4 49.Re8+ Kf6 50.Ra8 Kg7
51.Ra6 Rc6 52.Rxc6 Nxc6 53.Nd5 f6 54.f3 Kf7 55.Kf2 Ke6 56.Nc7+ Kd6 57.Ne8+ Ke7
58.Nc7 Nd4  0-1

[Event "chess.com Speed 2019"]
[Site "chess.com INT"]
[Date "2019.09.03"]
[Round "1.18"]
[White "Wei Yi"]
[Black "Vachier Lagrave,M"]
[Result "1/2-1/2"]
[WhiteElo "2721"]
[BlackElo "2774"]

1.Nf3 Nf6 2.c4 c5 3.g3 g6 4.Bg2 Bg7 5.O-O O-O 6.Nc3 d5 7.cxd5 Nxd5 8.d4 cxd4
9.Nxd4 Nxc3 10.bxc3 Nd7 11.Ba3 Nb6 12.Qb3 Qc7 13.Rab1 Bd7 14.Bxe7 Rfe8 15.Bg5 Rac8
16.Rfc1 Qc5 17.Bf4 Ba4 18.Qb4 Bxd4 19.Qxd4 Qxd4 20.cxd4 Rxc1+ 21.Rxc1 Rxe2
22.Bxb7 Rxa2 23.d5 Rc2 24.Re1 f6 25.d6 g5 26.Be3 Kf8 27.Bd4 Nd7 28.Bxa7 Rd2
29.Be4 h6 30.Ra1 Bb5 31.Rb1 Bd3 32.Bxd3 Rxd3 33.Bb8 Nxb8 34.Rxb8+ Kf7 35.Rb7+ Ke6
36.Rh7 Rxd6 37.Rxh6 Kf7 38.Rh7+ Kg6 39.Ra7 Rd4 40.Kg2 Rb4 41.Rc7 Ra4 42.Re7 Rb4
43.Kf3 Rb3+ 44.Re3 Rb4 45.Rd3 Ra4 46.Ke3 Rb4 47.Rd8 Rb3+ 48.Ke4 Rb4+ 49.Rd4 Rb2
50.Ke3 Rb3+ 51.Rd3 Rb4 52.Rd2 Rb3+ 53.Rd3 Rb4  1/2-1/2

[Event "chess.com Speed 2019"]
[Site "chess.com INT"]
[Date "2019.09.03"]
[Round "1.19"]
[White "Vachier Lagrave,M"]
[Black "Wei Yi"]
[Result "1-0"]
[WhiteElo "2774"]
[BlackElo "2721"]

1.d4 Nf6 2.c4 g6 3.Nc3 d5 4.Nf3 Bg7 5.e3 O-O 6.cxd5 Nxd5 7.Bc4 Nb6 8.Bb3 Na6
9.O-O c5 10.h3 Bf5 11.Qe2 Rc8 12.Rd1 c4 13.Bc2 Bxc2 14.Qxc2 Nb4 15.Qe2 Nd3
16.b3 Nxc1 17.Raxc1 cxb3 18.axb3 Qd7 19.Ne4 Rxc1 20.Rxc1 Rc8 21.Nc5 Qc7 22.Qa2 a6
23.b4 e6 24.e4 Qe7 25.Rc2 Rd8 26.Qa5 Nc8 27.Nxb7 Rf8 28.Rc7  1-0

[Event "chess.com Speed 2019"]
[Site "chess.com INT"]
[Date "2019.09.03"]
[Round "1.20"]
[White "Wei Yi"]
[Black "Vachier Lagrave,M"]
[Result "1/2-1/2"]
[WhiteElo "2721"]
[BlackElo "2774"]

1.e4 c5 2.Nf3 d6 3.d4 cxd4 4.Nxd4 Nf6 5.Nc3 a6 6.Bg5 e6 7.f4 Qb6 8.Qd2 Qxb2
9.Rb1 Qa3 10.f5 Be7 11.fxe6 Bxe6 12.Nxe6 fxe6 13.Bc4 Nbd7 14.Bxe6 Nc5 15.Bf5 g6
16.Bh3 Ncxe4 17.Nxe4 Nxe4 18.Qd4 Qc3+ 19.Qxc3 Nxc3 20.Bxe7 Kxe7 21.Rxb7+ Kf6
22.O-O+ Kg5 23.g3 Rab8 24.Rc7 Nd5 25.Ra7 Ne3 26.Rc1 Rb6 27.Re7 Nd5 28.Ra7 h5
29.Be6 Nc3 30.h4+ Kh6 31.Rf1 d5 32.Re7 Rh7 33.Re8 Rb2 34.Bg8 Rg7 35.Rd8 Ne4
36.Bxd5 Nxg3 37.Rh8+ Rh7 38.Rxh7+ Kxh7 39.Rf7+ Kh6 40.Bb3 Nf5 41.Ra7 Nxh4
42.Rxa6 Nf3+ 43.Kf2 Nd4 44.Kg3 Nxb3 45.cxb3 Kg5 46.Ra5+ Kf6  1/2-1/2

[Event "chess.com Speed 2019"]
[Site "chess.com INT"]
[Date "2019.09.03"]
[Round "1.21"]
[White "Vachier Lagrave,M"]
[Black "Wei Yi"]
[Result "1-0"]
[WhiteElo "2774"]
[BlackElo "2721"]

1.e4 c6 2.Nf3 d5 3.Nc3 Nf6 4.e5 Ne4 5.Ne2 Qb6 6.d4 e6 7.Ng3 c5 8.Bd3 Nxg3
9.fxg3 cxd4 10.O-O h6 11.a3 Nc6 12.b4 a6 13.g4 Be7 14.Qe1 Bd7 15.Rb1 Na7
16.Bb2 Nb5 17.Qf2 O-O 18.a4 Nc7 19.Bxd4  1-0

[Event "chess.com Speed 2019"]
[Site "chess.com INT"]
[Date "2019.09.03"]
[Round "1.22"]
[White "Wei Yi"]
[Black "Vachier Lagrave,M"]
[Result "1-0"]
[WhiteElo "2721"]
[BlackElo "2774"]

1.e4 c6 2.Nc3 d5 3.Nf3 dxe4 4.Nxe4 Nf6 5.Qe2 Nxe4 6.Qxe4 Qa5 7.Qh4 Nd7 8.Bc4 Ne5
9.Be2 Nxf3+ 10.Bxf3 Bf5 11.O-O Bxc2 12.d4 e6 13.Qg3 Bg6 14.h4 h5 15.Bf4 Be7
16.Be5 Kf8 17.a3 Qd8 18.Bc7 Qxd4 19.Rfd1 Qxh4 20.Qxh4 Bxh4 21.Rd7 Kg8 22.Be5 Kh7
23.Rxb7 Rhc8 24.Rc1 Bf6 25.Bxf6 gxf6 26.Rxc6 Rxc6 27.Bxc6 Rc8 28.Bd7 Rc1+
29.Kh2 e5 30.Rxa7 Rc2 31.b4 Rxf2 32.b5 Be4 33.Bh3 Kg6 34.a4 f5 35.b6 Rb2
36.a5 f4 37.Kg1 f5 38.Rc7 Kg5 39.Rg7+ Kh4 40.Re7 f3 41.gxf3 Bxf3 42.Bxf5 Kg3
43.Rg7+ Bg4 44.Bxg4 hxg4 45.Kf1 Kf3 46.Rf7+ Kg3 47.b7 e4 48.a6  1-0

[Event "chess.com Speed 2019"]
[Site "chess.com INT"]
[Date "2019.09.03"]
[Round "1.16"]
[White "Wei Yi"]
[Black "Vachier Lagrave,M"]
[Result "1/2-1/2"]
[WhiteElo "2721"]
[BlackElo "2774"]

1.e4 c5 2.Nf3 d6 3.d4 cxd4 4.Nxd4 Nf6 5.Nc3 a6 6.Bg5 e6 7.f4 Qb6 8.Qd3 Qxb2
9.Rb1 Qa3 10.f5 Qa5 11.Qc4 Nbd7 12.fxe6 Qxg5 13.exf7+ Ke7 14.Qe6+ Kd8 15.Qe8+ Nxe8
16.Ne6+ Ke7 17.fxe8=Q+ Kxe8 18.Nxg5 Nc5 19.Nd5 Be7 20.Nc7+ Kd8 21.Nxa8 Bxg5
22.Nb6 Re8 23.Bd3 Nxe4 24.Bxe4 Rxe4+ 25.Kf2 Rf4+ 26.Kg3 Bf5 27.Rbd1 Rg4+
28.Kf3 Rf4+ 29.Kg3 Rg4+ 30.Kf3 Rf4+ 31.Kg3  1/2-1/2

[Event "chess.com Speed 2019"]
[Site "chess.com INT"]
[Date "2019.09.03"]
[Round "1.24"]
[White "Wei Yi"]
[Black "Vachier Lagrave,M"]
[Result "0-1"]
[WhiteElo "2721"]
[BlackElo "2774"]

1.b3 a5 2.Bb2 a4 3.Nc3 a3 4.Bc1 Nf6 5.Nb1 d5 6.c3 e5 7.b4 c5 8.Bxa3 cxb4
9.Bxb4 Bxb4 10.cxb4 Qb6 11.a3 Nc6 12.e3 Nxb4 13.Qb3 Be6 14.Nf3 d4 15.Bc4 Bxc4
16.Qxc4 O-O 17.O-O Nc6 18.exd4 exd4 19.a4 Qa6 20.Qxa6 Rxa6 21.Rc1 Rfa8 22.h3 Rxa4
23.Rxa4 Rxa4 24.Ne5 Ra1 25.Nxc6 bxc6 26.Kf1 g5 27.Ke2 Nd5 28.Kd3 Nf4+ 29.Kc4 Kg7
30.Re1 Kf6 31.Kxd4 Nxg2 32.Rc1 Nf4 33.Rxc6+ Ne6+  0-1

[Event "chess.com Speed 2019"]
[Site "chess.com INT"]
[Date "2019.09.03"]
[Round "1.25"]
[White "Vachier Lagrave,M"]
[Black "Wei Yi"]
[Result "1-0"]
[WhiteElo "2774"]
[BlackElo "2721"]

1.Nf3 e6 2.g3 g5 3.Bg2 g4 4.Ne5 h5 5.d4 Bg7 6.c3 c5 7.Na3 d5 8.O-O Ne7 9.Bf4 c4
10.Nc2 f6 11.Nxc4 dxc4 12.e4 Nbc6 13.d5 Ne5 14.Ne3 N7g6 15.Qa4+ Bd7 16.Qc2 Nxf4
17.gxf4 Nf3+ 18.Bxf3 gxf3 19.dxe6 Bxe6 20.Rad1 Qc7 21.f5 Bf7 22.Qa4+ Qc6
23.Qa3 Bf8 24.Qa5 Bd6 25.Kh1 Rg8 26.Rfe1 a6 27.Nd5 Be5 28.Qb4 Bxd5 29.exd5 Qd7
30.Qb6 Qxf5 31.Qxb7 Rd8 32.d6 Qe6 33.Qxf3 Rg4 34.h3 Rh4 35.Re3 Kf7 36.Qb7+ Rd7
37.Qf3 Rxd6 38.Rxd6 Qxd6 39.Kg2 Kg6 40.Qa8 Qe6 41.Qb7 Rf4 42.Rg3+ Rg4 43.hxg4 h4
44.Qe4+  1-0

[Event "chess.com Speed 2019"]
[Site "chess.com INT"]
[Date "2019.09.03"]
[Round "1.26"]
[White "Wei Yi"]
[Black "Vachier Lagrave,M"]
[Result "0-1"]
[WhiteElo "2721"]
[BlackElo "2774"]

1.e4 g6 2.h4 Bg7 3.h5 d5 4.exd5 Qxd5 5.Nc3 Qa5 6.Nf3 Nc6 7.Bc4 Bg4 8.hxg6 hxg6
9.Rxh8 Bxh8 10.d3 Qh5 11.Be3 Ne5 12.Bd5 c6 13.Be4 Nf6  0-1

[Event "chess.com Speed 2019"]
[Site "chess.com INT"]
[Date "2019.09.03"]
[Round "1.27"]
[White "Vachier Lagrave,M"]
[Black "Wei Yi"]
[Result "1-0"]
[WhiteElo "2774"]
[BlackElo "2721"]

1.g4 h5 2.g5 h4 3.g6 fxg6 4.d4 e6 5.Nc3 Nc6 6.e3 Bb4 7.Bd3 Qf6 8.Bd2 Nh6
9.Ne4 Bxd2+ 10.Kxd2 Qe7 11.Nh3 d5 12.Neg5 Nf5 13.f4 Qb4+ 14.c3 Qxb2+ 15.Qc2 Qa3
16.Nf3 Bd7 17.Rhg1 O-O-O 18.Rxg6 Na5 19.Ne5 Ba4 20.Qc1 Qf8 21.Ng5 Rh6 22.Nxe6 Rxg6
23.Nxg6 Qf6 24.Bxf5 Rd6 25.Nc5+ Kd8 26.Bd3 b6 27.Nxa4  1-0

[Event "chess.com Speed 2019"]
[Site "chess.com INT"]
[Date "2019.09.03"]
[Round "1.28"]
[White "Wei Yi"]
[Black "Vachier Lagrave,M"]
[Result "1-0"]
[WhiteElo "2721"]
[BlackElo "2774"]

1.g4 h5 2.g5 g6 3.b3 Bg7 4.Nc3 c5 5.Bb2 Nc6 6.e3 h4 7.Bg2 d6 8.Qe2 h3 9.Bf3 e6
10.O-O-O Qxg5 11.d4 cxd4 12.Nb5 Ke7 13.Ba3 Be5 14.Bxc6 bxc6 15.Nf3 Qh5 16.Nbxd4 Bxd4
17.Rxd4 c5 18.Rh4 Qxh4 19.Nxh4 Rxh4 20.Qf3 Rb8 21.Rd1 Bd7 22.Qg3  1-0

[Event "chess.com Speed 2019"]
[Site "chess.com INT"]
[Date "2019.09.03"]
[Round "1.29"]
[White "Vachier Lagrave,M"]
[Black "Wei Yi"]
[Result "1/2-1/2"]
[WhiteElo "2774"]
[BlackElo "2721"]

1.g4 h5 2.gxh5 Rxh5 3.e4 Re5 4.Nc3 d5 5.d4 Re6 6.Nf3 dxe4 7.Ng5 Rg6 8.Bc4 e6
9.h4 Nc6 10.Be3 Bb4 11.Qh5 Bxc3+ 12.bxc3 Nf6 13.Qh8+ Ke7 14.Qxd8+ Nxd8 15.O-O-O b6
16.Rdg1 Bb7 17.h5 Rh6 18.Be2 Nc6 19.Rh4 Rah8 20.Nxe4 Nxe4 21.Rxe4 R6h7 22.d5 Nb8
23.c4 Nd7 24.Bd4 Nf6 25.Re3 Kd6 26.h6 Rxh6 27.Rxg7 exd5 28.Rxf7 Rh1+ 29.Kb2 Ne4
30.Bxh8 Rxh8 31.f3 Nc5 32.Rf6+ Kd7 33.cxd5 Bxd5 34.Bb5+ c6 35.Re5 Kc7 36.Be2 Nd7
37.Rxd5 Nxf6 38.Rf5 Re8 39.Rxf6 Rxe2 40.Rf7+ Kb8 41.f4  1/2-1/2

[Event "chess.com Speed 2019"]
[Site "chess.com INT"]
[Date "2019.09.03"]
[Round "1.30"]
[White "Wei Yi"]
[Black "Vachier Lagrave,M"]
[Result "0-1"]
[WhiteElo "2721"]
[BlackElo "2774"]

1.g4 g5 2.h4 d5 3.hxg5 Bxg4 4.c4 dxc4 5.Qc2 Nc6 6.Nc3 Nd4 7.Qe4 Bf5 8.Qxb7 Nc2+
9.Kd1 Nxa1 10.e4 Rb8 11.Qxa7 Be6 12.Bxc4 Bxc4 13.Qa4+ Qd7 14.Qxc4 Bg7 15.Nge2 h6
16.g6 fxg6 17.Rg1 g5 18.f4 Nf6 19.e5 Ng4 20.Ne4 Ne3+  0-1

[Event "chess.com Speed 2019"]
[Site "chess.com INT"]
[Date "2019.09.03"]
[Round "1.31"]
[White "Vachier Lagrave,M"]
[Black "Wei Yi"]
[Result "1-0"]
[WhiteElo "2774"]
[BlackElo "2721"]

1.d4 Nf6 2.g4 g5 3.Nf3 h5 4.gxh5 g4 5.Ne5 Rxh5 6.Nc3 b5 7.b4 c5 8.bxc5 b4
9.Nb1 Bb7 10.Rg1 Qc7 11.Bf4 d6 12.Nxg4 Nd5 13.Bg3 f5 14.e4 fxe4 15.Nd2 Nd7
16.Nxe4 O-O-O 17.Rb1 e5 18.cxd6 Bxd6 19.Nxd6+ Qxd6 20.Nxe5 Rxe5+ 21.dxe5 Nxe5
22.Be2 Qe6 23.Bxe5 Qxe5 24.Qd3 Nc3 25.Qc4+ Kb8 26.f4 Qe3 27.Rg3 Qd2+ 28.Kf1 Nxe2
29.Qxe2 Qxf4+ 30.Kg1 Rf8 31.Qe3 Qc4 32.Qe5+ Ka8 33.Qd6 Qf7 34.Qc5 Rc8 35.Qxb4 Bd5
36.c4 Be4 37.Rf1  1-0

[Event "chess.com Speed 2019"]
[Site "chess.com INT"]
[Date "2019.09.03"]
[Round "1.15"]
[White "Vachier Lagrave,M"]
[Black "Wei Yi"]
[Result "1/2-1/2"]
[WhiteElo "2774"]
[BlackElo "2721"]

1.Nf3 d5 2.e3 Nf6 3.c4 e6 4.b3 Be7 5.Bb2 O-O 6.Qc2 dxc4 7.Bxc4 c5 8.Nc3 Nc6
9.O-O b6 10.Rfd1 Bb7 11.d4 cxd4 12.Nxd4 Nxd4 13.Rxd4 Qc8 14.Rad1 Qc6 15.Bf1 Rac8
16.Rc4 Qe8 17.Nb5 Rxc4 18.Qxc4 Qb8 19.Rc1 Rc8 20.Qf4 Qxf4 21.Rxc8+ Bxc8 22.exf4 a6
23.Nc7 b5 24.a4 Bd8 25.Be5 bxa4 26.bxa4 Bd7 27.a5 Nd5 28.Nxd5 exd5 29.Bc3 Bc8
30.f3 Bc7 31.g3 Bd6 32.Kf2 Bc5+ 33.Ke1 f6 34.Bd3 Kf7 35.g4 h6 36.h4 Ke7 37.h5 Kd6
38.Ke2 Ke7 39.Bd2 Bd4 40.Kd1 Bc5 41.Kc2 Kd6 42.f5 Ke7 43.f4 Kf7 44.Kb3 Bb7
45.Bb4 Be3 46.Bd6 Bd2 47.Bc7 Ke7 48.Kc2 Bb4 49.Kb3 Bd2 50.Kc2 Bb4 51.Kb3 Bd2  1/2-1/2

[Event "chess.com Speed 2019"]
[Site "chess.com INT"]
[Date "2019.09.03"]
[Round "1.14"]
[White "Wei Yi"]
[Black "Vachier Lagrave,M"]
[Result "0-1"]
[WhiteElo "2721"]
[BlackElo "2774"]

1.e4 c6 2.d4 d5 3.exd5 cxd5 4.Bd3 Nf6 5.c3 Bg4 6.Qb3 Qb6 7.Qxb6 axb6 8.Bf4 Nc6
9.h3 Bh5 10.Na3 e6 11.Nb5 Kd7 12.a4 Ne8 13.Be2 Bg6 14.Nf3 Bc2 15.Bd1 Bxd1
16.Kxd1 Bd6 17.Ne5+ Bxe5 18.Bxe5 Nxe5 19.dxe5 Nc7 20.Kc2 Nxb5 21.axb5 f6
22.Rxa8 Rxa8 23.Re1 Ra4 24.exf6 gxf6 25.Re3 Rf4 26.f3 Ra4 27.Re1 e5 28.Kb3 Ra8
29.g4 Kd6 30.Kb4 Rc8 31.b3 Ra8  0-1

[Event "chess.com Speed 2019"]
[Site "chess.com INT"]
[Date "2019.09.03"]
[Round "1.13"]
[White "Vachier Lagrave,M"]
[Black "Wei Yi"]
[Result "1-0"]
[WhiteElo "2774"]
[BlackElo "2721"]

1.Nf3 d5 2.g3 Nf6 3.Bg2 g6 4.O-O c5 5.c4 Bg7 6.cxd5 Nxd5 7.d4 cxd4 8.Nxd4 O-O
9.Nb5 Be6 10.Nd4 Bc8 11.Nb3 Nb6 12.Nc3 Nc6 13.Bf4 Qxd1 14.Rfxd1 Nc4 15.Nd5 Nxb2
16.Rdc1 Bf5 17.Nc5 Nc4 18.e4 Bg4 19.Rab1 Nb6 20.h3 Be2 21.Nxb7 Nxd5 22.exd5 Nd4
23.Rc7 Bd3 24.Rd1 Ne2+ 25.Kh2 Nxf4 26.gxf4 Bf5 27.Rxe7 Bf6 28.d6 Rab8 29.Rc7  1-0

[Event "chess.com Speed 2019"]
[Site "chess.com INT"]
[Date "2019.09.03"]
[Round "1.12"]
[White "Wei Yi"]
[Black "Vachier Lagrave,M"]
[Result "0-1"]
[WhiteElo "2721"]
[BlackElo "2774"]

1.e4 c5 2.Nf3 d6 3.d4 cxd4 4.Nxd4 Nf6 5.Nc3 a6 6.Bg5 e6 7.f4 Qb6 8.Qd3 Qxb2
9.Rb1 Qa3 10.f5 Qa5 11.fxe6 Qxg5 12.exf7+ Ke7 13.Be2 Qc5 14.Nd5+ Nxd5 15.exd5 Nd7
16.Qe3+ Ne5 17.Qg5+ Kxf7 18.O-O+ Ke8 19.Rf4 g6 20.Qf6 Rg8 21.Rxb7 Bxb7 22.Qe6+ Be7
23.Qxg8+ Kd7 24.Qe6+ Kd8 25.Qg8+ Kc7 26.Qxh7 Re8 27.c4 Kb8 28.Kh1 Bg5 29.Re4 Bxd5  0-1

[Event "chess.com Speed 2019"]
[Site "chess.com INT"]
[Date "2019.09.03"]
[Round "1.11"]
[White "Vachier Lagrave,M"]
[Black "Wei Yi"]
[Result "1-0"]
[WhiteElo "2774"]
[BlackElo "2721"]

1.e4 c5 2.Nf3 d6 3.Bb5+ Nd7 4.Ba4 Nf6 5.O-O g6 6.Re1 Bg7 7.c3 O-O 8.d4 e5
9.Bxd7 Nxd7 10.dxe5 dxe5 11.c4 Nb8 12.Nc3 Nc6 13.Nd5 Nd4 14.Nxd4 exd4 15.Bf4 Be6
16.Qf3 Rc8 17.Rad1 Re8 18.b3 a6 19.a4 b5 20.axb5 axb5 21.cxb5 Qa5 22.Bd2 Qxb5
23.Nf6+ Kh8 24.Nxe8 Rxe8 25.Rb1 h5 26.h3 Kh7 27.e5 d3 28.Bc3 Rd8 29.Red1 Bh6
30.Bd2 Bg7 31.Bg5 Rd5 32.Bf6 Bxf6 33.exf6 Qd7 34.Ra1 Rd4 35.Qe3 Qd8 36.b4 Qxf6
37.bxc5 Bb3 38.Rd2 Bc2 39.Ra6 Qxa6 40.Qxd4 Qa5 41.Qe3 Qc3 42.h4 Kg7 43.Kh2 Kh7
44.g3 Kg7 45.f3 Kh7 46.Rf2 Kg7 47.f4 Qf6 48.Qe5 Qxe5 49.fxe5 Kf8 50.e6 f6
51.c6 Bb3 52.Rd2 Bxe6 53.Rxd3 Ke7 54.c7 Bd7 55.Kg1  1-0

[Event "chess.com Speed 2019"]
[Site "chess.com INT"]
[Date "2019.09.03"]
[Round "1.17"]
[White "Vachier Lagrave,M"]
[Black "Wei Yi"]
[Result "1-0"]
[WhiteElo "2774"]
[BlackElo "2721"]

1.e4 c5 2.Nf3 d6 3.d4 cxd4 4.Nxd4 Nf6 5.Nc3 a6 6.Be2 e5 7.Nf3 Be7 8.Bg5 Nbd7
9.a4 h6 10.Be3 Ng4 11.Bc1 Ngf6 12.O-O Nc5 13.Nd2 O-O 14.Re1 Qc7 15.Bf3 Ne6
16.Nb3 Ng5 17.h3 Be6 18.Be3 Rac8 19.a5 Qd7 20.Bxg5 hxg5 21.Nd5 Bxd5 22.exd5 Ne8
23.Be2 f5 24.c4 Nf6 25.Nd2 e4 26.Nb3 g4 27.hxg4 fxg4 28.Nd4 g3 29.fxg3 Rf7
30.Ne6  1-0

[Event "chess.com Speed 2019"]
[Site "chess.com INT"]
[Date "2019.09.03"]
[Round "1.9"]
[White "Vachier Lagrave,M"]
[Black "Wei Yi"]
[Result "1-0"]
[WhiteElo "2774"]
[BlackElo "2721"]

1.Nf3 d5 2.g3 g6 3.Bg2 c5 4.c4 Nf6 5.cxd5 Nxd5 6.d4 Bg7 7.dxc5 Qa5+ 8.Nfd2 Qxc5
9.Nb3 Qb4+ 10.Bd2 Qd6 11.Na3 O-O 12.O-O Nb6 13.Bc3 Qxd1 14.Rfxd1 Bxc3 15.bxc3 Na4
16.c4 Nc6 17.Rac1 Rb8 18.c5 Be6 19.Bxc6 bxc6 20.Nd4 Bd5 21.Rd2 e5 22.Nf3 f6
23.Ne1 Rfd8 24.f3 Be6 25.Nd3 Rd4 26.Kf2 Rbd8 27.Ke1 Bf5 28.Nc2 Rc4 29.Ncb4 Rxc1+
30.Nxc1 Rxd2 31.Kxd2 Nxc5 32.Nxc6 a6 33.Ne7+ Kf7 34.Nxf5 gxf5 35.Nd3 Na4
36.Nb4 Nc5 37.Kc3 Ke6 38.Kc4 Kd6 39.Nd5 Nd7 40.f4 exf4 41.gxf4 h6 42.a4 a5
43.Ne3 Ke6 44.Kb5 Nf8 45.Kxa5 Ng6 46.Kb6  1-0

[Event "chess.com Speed 2019"]
[Site "chess.com INT"]
[Date "2019.09.03"]
[Round "1.8"]
[White "Wei Yi"]
[Black "Vachier Lagrave,M"]
[Result "0-1"]
[WhiteElo "2721"]
[BlackElo "2774"]

1.e4 d5 2.exd5 Nf6 3.Nf3 Nxd5 4.d4 Bf5 5.Be2 e6 6.O-O Be7 7.c4 Nf6 8.Nc3 Nbd7
9.Nh4 Bg6 10.h3 O-O 11.Be3 c5 12.Nxg6 hxg6 13.d5 exd5 14.Nxd5 Re8 15.Bf3 Ne5
16.Nxf6+ Bxf6 17.Bxb7 Rb8 18.Bd5 Rxb2 19.Bxc5 Qa5 20.Be3 Rc8 21.Rc1 Rxa2
22.c5 Ra3 23.c6 Rd3 24.Rc5 Qd8 25.Bxf7+ Nxf7 26.Qa4 Qe7 27.Rfc1 Rc7 28.Bf4 Rd4
29.R5c4 Rxc4 30.Qxc4 Rc8 31.c7 Be5 32.Bxe5 Qxe5 33.Qc6 Kh7 34.Qd7 Qf5 35.Qe7 Qf4
36.Rc5 Qd6 37.Qh4+ Nh6 38.Qc4 Nf5 39.Qc2 Nd4 40.Rh5+ Kg8 41.Qc4+ Ne6 42.Rc5 Kf7
43.Rc6 Qd1+ 44.Kh2 Qd7  0-1

[Event "chess.com Speed 2019"]
[Site "chess.com INT"]
[Date "2019.09.03"]
[Round "1.7"]
[White "Vachier Lagrave,M"]
[Black "Wei Yi"]
[Result "0-1"]
[WhiteElo "2774"]
[BlackElo "2721"]

1.Nf3 d5 2.g3 g6 3.Bg2 Bg7 4.d4 Nf6 5.O-O O-O 6.Nbd2 c5 7.dxc5 a5 8.a4 Na6
9.Nb3 Ne4 10.Ne1 e6 11.Nd3 Qc7 12.Be3 Rd8 13.f3 Nf6 14.Bf4 Qe7 15.Qd2 Ne8
16.Qxa5 e5 17.Be3 e4 18.fxe4 dxe4 19.Nf4 Bxb2 20.Rad1 Nac7 21.Qb4 Rxd1 22.Rxd1 Nf6
23.c3 g5 24.Nh3 Ncd5 25.Qd4 Bxc3 26.Qxd5 Nxd5 27.Rxd5 h6 28.Rd1 Rxa4 29.Nf2 f5
30.h4 Be6 31.Nd4 Qxc5 32.Nxf5 Qxf5  0-1

[Event "chess.com Speed 2019"]
[Site "chess.com INT"]
[Date "2019.09.03"]
[Round "1.6"]
[White "Wei Yi"]
[Black "Vachier Lagrave,M"]
[Result "1-0"]
[WhiteElo "2721"]
[BlackElo "2774"]

1.e4 c5 2.Nf3 d6 3.d4 cxd4 4.Nxd4 Nf6 5.Nc3 a6 6.h3 g6 7.g4 Bg7 8.Be3 Nc6
9.Bg2 Bd7 10.Nde2 Na5 11.b3 Rc8 12.g5 Nh5 13.Nd5 e6 14.Nb6 Rc7 15.c4 Bxa1
16.Qxa1 O-O 17.O-O Nc6 18.Rd1 Qe7 19.Nc3 f6 20.Nbd5 exd5 21.Nxd5 Qf7 22.Nxc7 fxg5
23.e5 Nf4 24.Bxf4 Qxf4 25.Bd5+ Kg7 26.e6+ Kh6 27.Qb2 Ne5 28.exd7 Ng4 29.Qg7+ Kh5  1-0

[Event "chess.com Speed 2019"]
[Site "chess.com INT"]
[Date "2019.09.03"]
[Round "1.5"]
[White "Vachier Lagrave,M"]
[Black "Wei Yi"]
[Result "0-1"]
[WhiteElo "2774"]
[BlackElo "2721"]

1.d4 Nf6 2.Bf4 d5 3.e3 Bf5 4.Nf3 e6 5.c4 Bxb1 6.Qxb1 Bb4+ 7.Kd1 Bd6 8.Bg5 h6
9.Bxf6 Qxf6 10.cxd5 exd5 11.Bd3 O-O 12.Ke2 Re8 13.Rd1 a5 14.Qc2 Nc6 15.Kf1 Nd8
16.a3 c6 17.Rab1 a4 18.e4 dxe4 19.Bxe4 Ne6 20.d5 Nc5 21.Bh7+ Kh8 22.dxc6 g6
23.Qc3 Be7 24.cxb7 Nxb7 25.Qxf6+ Bxf6 26.Bxg6 fxg6 27.b3 Nc5 28.bxa4 Rxa4
29.Rb6 Kg7 30.Rc6 Ne4 31.Rd7+ Re7 32.Rxe7+ Bxe7 33.Ne5 Bd6 34.Nf3 Rxa3 35.h3 Ra2  0-1

[Event "chess.com Speed 2019"]
[Site "chess.com INT"]
[Date "2019.09.03"]
[Round "1.4"]
[White "Wei Yi"]
[Black "Vachier Lagrave,M"]
[Result "1-0"]
[WhiteElo "2721"]
[BlackElo "2774"]

1.e4 c5 2.Nf3 d6 3.d4 cxd4 4.Nxd4 Nf6 5.Nc3 a6 6.h3 e5 7.Nde2 h5 8.g3 Nbd7
9.Bg2 b5 10.O-O Bb7 11.a4 b4 12.Nd5 Nxd5 13.exd5 Be7 14.a5 Rb8 15.Bd2 Ba8
16.Ra4 b3 17.cxb3 Nc5 18.Rb4 O-O 19.Rxb8 Qxb8 20.b4 Nd7 21.Qa4 Nf6 22.Nc3 Rc8
23.b3 Bb7 24.Rc1 Qa8 25.b5 axb5 26.Nxb5 Rxc1+ 27.Bxc1 Nxd5 28.Bxd5 Bxd5 29.Nc7 Bxb3
30.Qxb3 Qxa5 31.Nd5 Qe1+ 32.Kg2 Qe4+ 33.Qf3 Qxf3+ 34.Kxf3 Bf8 35.Ke4 f6 36.Nb6  1-0

[Event "chess.com Speed 2019"]
[Site "chess.com INT"]
[Date "2019.09.03"]
[Round "1.3"]
[White "Vachier Lagrave,M"]
[Black "Wei Yi"]
[Result "0-1"]
[WhiteElo "2774"]
[BlackElo "2721"]

1.e4 c5 2.Nf3 d6 3.Bb5+ Nd7 4.c3 Nf6 5.Bd3 e6 6.O-O b6 7.Bc2 Bb7 8.Re1 Be7
9.d4 O-O 10.Nbd2 cxd4 11.cxd4 Rc8 12.Nf1 d5 13.e5 Ne4 14.Bd3 f5 15.exf6 Bxf6
16.Ng3 e5 17.dxe5 Nxe5 18.Nxe5 Bxe5 19.Nxe4 dxe4 20.Qb3+ Bd5  0-1